| 000 | 00000nam##2200000za#4500 |
| 001 | 9.662931 |
| 003 | CaOODSP |
| 005 | 20210615120815 |
| 007 | ta |
| 008 | 150407|2001||||xxc||||| f|0| 0 eng|d |
| 020 | |a0-662-65877-9 |
| 040 | |aCaOODSP|beng |
| 041 | |aeng |
| 041 | |afre |
| 043 | |an-cn--- |
| 086 | 1 |aT22-106/2001 |
| 110 | 1 |aCanada. |bTransport Canada. |
| 245 | 10|aCreating a transportation blueprint for the next decade and beyond : |bdefining the challenges |
| 260 | |aOttawa - Ontario : |bTransport Canada |c2001. |
| 300 | |aEnglish text, 16p. ; |c22 cm. |
| 546 | |aBilingual |
| 563 | |aSoftcover |
| 590 | |a01-30|b2001-07-27 |
| 690 | 07|aTransport|2gcpds |
| 690 | 07|aUrban transit|2gcpds |
| 776 | 0#|tCréation d'un schéma d'orientation des transports pour la prochaine décennie et au-delà : |w(CaOODSP)9.639881 |
| 776 | 0#|tCreating a transportation blueprint for the next decade and beyond : |w(CaOODSP)9.695759 |
| 792 | |tCréation d'un schéma d'orientation des transports pour la prochaine décennie et au delà : |efre|w(CaOODSP)9.662932 |
| 986 | |aTP13786 |